000 00505nam a22001697a 4500
005 20240816065100.0
008 240816b |||||||| |||| 00| 0 eng d
020 _a0406863067
041 _aEnglish
082 _a349 ENG
100 _lEnglish
245 _aThe Annual England Law Reports: Annual Review 1987
260 _aLondon:
_bButterworth Company Publishers (Ltd)
_c1988
300 _bxxxi, 318 pages;
_c25 cm.
650 _aLegal practice
_bLaw
942 _cBK
_6ALISON_BN_VRIES
999 _c2582
_d2582